| 000 | 00951nam a22002295i 4500 | ||
|---|---|---|---|
| 001 | 160722 | ||
| 003 | ES-MaACL | ||
| 005 | 20250927102721.0 | ||
| 008 | 990518s1852 fr |||| | fre d | ||
| 040 |
_aCCPB | B _bspa _cCCPB | B |
||
| 100 | 1 |
_aNoël, François Joseph Michel, _d1755-1841 _9130545 |
|
| 245 | 1 | 0 |
_aNouvelle grammaire française _b: sur un plan tres-méthodique avec de nombreux exercices d'orthographe, de syntaxe et de ponctuation ... : grammaire / _cpar M. Noël, ... et M. Chapsal. |
| 250 | _a45º éd., rev. avec soin et augm. | ||
| 260 |
_aParis : _bMaire Nyon, librairie [etc.], _c1852. |
||
| 300 |
_a2 v. ; _c17 cm. |
||
| 505 | 8 | _aContiene: 1. Grammaire (224 p.)-- 2. Exercices | |
| 597 | _aAntep. | ||
| 650 | 4 |
_aLengua francesa- _xGramática. _914220 |
|
| 700 | 1 |
_aChapsal, Charles Pierre, _d1788-1858 _9126453 |
|
| 852 |
_aES-MaACL _jG-2948 _z-- Enc. cartón _q-- Contiene vol. 1. |
||
| 999 |
_c160722 _d160722 |
||